000 00997nam a2200241 a 4500
001 001144766
003 AM-YeHGA
005 20250618074528.0
008 160428s2015 ai |||||||||||||||0|arm|d
020 _a9789939869025
040 _aAM-YeHGA
041 0 _aarm
100 1 _aԲախչինյան, Ֆելիքս Բարդուղիմեոսի,
_d1950-2024
_92725
245 1 0 _aԱրտեմ Հարությունյանի բանաստեղծական աշխարհը /
_cՖ.Բ. Բախչինյան ; Խմբ.՝ Հ.Խաչատրյան.
260 _aԵրևան :
_bԳասպրինտ,
_c2015.
300 _a55 էջ ;
_c16 սմ.
600 1 4 _aՀարությունյան, Արտեմ Միքայելի,
_d1945-
_91160
650 1 0 _aՀայ գրողների կյանքն ու գործունեությունը
_94515
650 1 4 _aՀայ պոեզիա
_xՊատմություն և քննադատություն
_96692
700 1 _aԽաչատրյան, Հայարփի
_eխմբ.
_4edt
942 _2udc
_cBK
090 _c368867
999 _c366999
_d366999